Celebration of demons : exorcism and the aesthetics of healing in Sri Lanka

Αποθηκεύτηκε σε:
Λεπτομέρειες βιβλιογραφικής εγγραφής
Κύριος συγγραφέας: Kapferer, Bruce
Μορφή: Βιβλίο
Γλώσσα:English
Δημοσίευση: Washington : Smithsonian Institution, 1991
Θέματα:
Ετικέτες: Προσθήκη ετικέτας
Δεν υπάρχουν, Καταχωρήστε ετικέτα πρώτοι!

MARC

LEADER 00000nam a2200000 i 4500
001 1/3645
008 960329s1983 eng d
020 |a 0-85496-604-8 
035 |l 10015290 
040 |a GR-MY-UA  |b gre  |e aacr 
041 0 |a eng 
082 0 |a 133.427095493 
100 1 |a Kapferer, Bruce. 
245 1 0 |a Celebration of demons :  |b exorcism and the aesthetics of healing in Sri Lanka /  |c Bruce Kapferer 
260 |a Washington :   |b Smithsonian Institution,   |c 1991 
300 |a 388 p. 
651 0 |a Sri Lanka  |x Exorcism. 
852 |a INST  |b LESVOS  |e 19960329  |h 133.427095493 KAP  |p 005100006753  |q 005100006753  |t BK  |y 0 
909 |a Λ  |b 043999